Statistiques concernant Trouver les villes avec une phrase #1

Cliquez ici pour prendre le quiz!

Statistiques générales

  • Ce quiz a été pris 181 fois
  • Le résultat moyen est 10 sur 15

Statistiques - réponses

PHRASERéponse% Correct
Je suis l'hôte des jeux olympiques 2024Paris
99%
Je suis connus majoritairement pour ma moutardeDijon
95%
Le rappeur francophone Jul est connu pour être originaire de ma villeMarseille
93%
Je possède une grande cathédrale où on élisait les rois de l'époqueReims
87%
J'ai été victime d'une attentat en 2016Nice
84%
Mon club de foot possède le plus de titres nationaux de FranceSaint-Etienne
77%
Je suis chef-lieu de l'IsèreGrenoble
70%
Je suis connus pour avoir le seul département commençant par la lettre HMontpellier
67%
Je suis connus pour mon lac d'eau pureAnnecy
65%
Ma ville est fortifié, je suis le chef-lieu de l'AudeCarcassonne
65%
Tout les ans, un magnifique festival se déroule chez moiCannes
64%
Je suis la ville la plus peuplées de la région Centre-Val-De-LoireTours
49%
Je possède le même nom qu'une ville en BiélorussieBrest
36%
Je suis surnommée la ville corsaireSaint-Malo
26%
J'ai le même nom qu'une ville au QuébecLaval
11%

Distribution des résultats

Percentile par nombre de réponses

% des personnes avec chaque résultat

Votre développement - résultats

Vous n’avez pas pris ce quiz